<?xml version="1.0" encoding="UTF-8"?>
<record
    xmlns:xsi="http://www.w3.org/2001/XMLSchema-instance"
    xsi:schemaLocation="http://www.loc.gov/MARC21/slim http://www.loc.gov/standards/marcxml/schema/MARC21slim.xsd"
    xmlns="http://www.loc.gov/MARC21/slim">

  <leader>02028nam a2200277 i 4500</leader>
  <controlfield tag="001">BRCA_9370</controlfield>
  <controlfield tag="003">FranzMayer</controlfield>
  <controlfield tag="005">20240122110804.0</controlfield>
  <controlfield tag="007">ta</controlfield>
  <controlfield tag="008">240119t2016    sp aob|fr||||o001 e spa d</controlfield>
  <datafield tag="020" ind1=" " ind2=" ">
    <subfield code="a">9788415897699</subfield>
  </datafield>
  <datafield tag="040" ind1=" " ind2=" ">
    <subfield code="a"> BRCA</subfield>
    <subfield code="b">spa</subfield>
    <subfield code="c"> BRCA</subfield>
    <subfield code="e">rda</subfield>
  </datafield>
  <datafield tag="050" ind1=" " ind2=" ">
    <subfield code="a">HE859</subfield>
    <subfield code="b">.R934  2016</subfield>
  </datafield>
  <datafield tag="082" ind1=" " ind2=" ">
    <subfield code="2">D</subfield>
    <subfield code="a">R934</subfield>
  </datafield>
  <datafield tag="100" ind1="1" ind2=" ">
    <subfield code="a">Ruiz Guti&#xE9;rrez, Ana</subfield>
    <subfield code="e">autor</subfield>
    <subfield code="9">30010</subfield>
  </datafield>
  <datafield tag="245" ind1=" " ind2=" ">
    <subfield code="a">El Gale&#xF3;n de Manila [1565-1815] </subfield>
    <subfield code="b">Intercambios culturales</subfield>
    <subfield code="c">Ana Ruiz Guit&#xE9;rrez; Coordinaci&#xF3;n t&#xE9;cnica: Miguel &#xC1;ngel Sorroche Cuerva.</subfield>
  </datafield>
  <datafield tag="250" ind1=" " ind2=" ">
    <subfield code="a">Primera edici&#xF3;n</subfield>
  </datafield>
  <datafield tag="260" ind1="3" ind2=" ">
    <subfield code="a">Madrid, Espa&#xF1;a</subfield>
    <subfield code="b">Editoril Alhulia, S. L. </subfield>
    <subfield code="c">2016.</subfield>
  </datafield>
  <datafield tag="300" ind1=" " ind2=" ">
    <subfield code="a">375 p&#xE1;ginas</subfield>
    <subfield code="b">Ilustraciones, fotograf&#xED;as, mapas </subfield>
    <subfield code="c">23 cm</subfield>
  </datafield>
  <datafield tag="500" ind1=" " ind2=" ">
    <subfield code="a">Publicaci&#xF3;n de piezas de la Colecci&#xF3;n Franz Mayer P&#xE1;ginas: 227, 256, 259,268, 262, 269 y 274.</subfield>
  </datafield>
  <datafield tag="501" ind1=" " ind2=" ">
    <subfield code="a">Ubicaci&#xF3;n: Ubicaci&#xF3;n: L59-N5</subfield>
  </datafield>
  <datafield tag="520" ind1=" " ind2=" ">
    <subfield code="a">El descubrimiento del Pac&#xED;fico por Vasco N&#xFA;&#xF1;ez de Balboa en 1513 vino a confirmar la idea de que las tierras a las que se hab&#xED;a llegado a finales del siglo XV no eran las de las Indias Orientales. Se alteraba con ello el rumbo de los acontecimientos, al marcar el camino hacia una verdadera conciencia de la realidad tanto f&#xED;sica como humana a la que se enfrentaban los contingentes enviados por la Corona espa&#xF1;ola a estos nuevos territorios.</subfield>
    <subfield code="b">Cuando a finales del siglo pasado se celebraba en 1992 el Quinto Centenario del Descubrimiento de Am&#xE9;rica, se abr&#xED;a un periodo fecundo en oportunidades para ahondar en el conocimiento de aquellos acontecimientos que tuvieron como detonante el contacto cultural entre Am&#xE9;rica y Europa a finales del siglo XV. Sin duda alguna se iniciaba un intenso recorrido en el que nos encontramos inmersos y que tiene como paradas la rememoraci&#xF3;n centenaria, celebrando o conmemorando, cada uno de ellos.</subfield>
    <subfield code="u">https://consorcioeditorial.com/es/articles/pdf/25756</subfield>
  </datafield>
  <datafield tag="521" ind1=" " ind2=" ">
    <subfield code="a">Recomendado para investigadores y p&#xFA;blico especializado.</subfield>
  </datafield>
  <datafield tag="650" ind1="1" ind2=" ">
    <subfield code="a">Ensayos</subfield>
    <subfield code="y">Siglo XVI-XVII</subfield>
    <subfield code="9">30011</subfield>
  </datafield>
  <datafield tag="942" ind1=" " ind2=" ">
    <subfield code="2">lcc</subfield>
    <subfield code="c">B</subfield>
  </datafield>
  <datafield tag="999" ind1=" " ind2=" ">
    <subfield code="c">11082</subfield>
    <subfield code="d">11082</subfield>
  </datafield>
  <datafield tag="952" ind1=" " ind2=" ">
    <subfield code="0">0</subfield>
    <subfield code="1">0</subfield>
    <subfield code="2">lcc</subfield>
    <subfield code="4">0</subfield>
    <subfield code="7">0</subfield>
    <subfield code="a">BRCA</subfield>
    <subfield code="b">BRCA</subfield>
    <subfield code="d">2024-01-19</subfield>
    <subfield code="l">0</subfield>
    <subfield code="o">HE859 .R934  2016</subfield>
    <subfield code="p">CONT10240</subfield>
    <subfield code="r">2024-01-19 18:24:26</subfield>
    <subfield code="w">2024-01-19</subfield>
    <subfield code="y">B</subfield>
  </datafield>
</record>
